01274pam a2200289 i 4500001000700000003000900007005001700016008004100033020001500074040004300089082002000132100006400152245017700216250003100393264005700424300004400481336002600525337002800551338002700579500008700606504005200693650003800745655001700783942001200800999001700812952015500829315489EG-ScBUE20250529082855.0740206s1975 nyua f b 001 0 eng d a0828402787 aEG-ScBUEbengerdacEG-ScBUEdEG-ScBUE04a530.11bEDD2221 aEddington, Arthur Stanley,cSir,d1882-1944,96020eauthor.14aThe mathematical theory of relativity /cby A. S. Eddington, M.A., M.Sc., F.R.S., plumian professor of astronomy and experimental philosophy in The University of Cambridge. aThird (unaltcred) edition. 1aNew York, N.Y. :bChelsea Publishing Company,c1975. aix, 270 pages :billustrations ;c26 cm 2rdacontentatextbtxt aunmediated2rdamediabn avolumebnc2rdacarrier aReprint of the second edition, 1924, published by the University Press, Cambridge. aIncludes bibliographical references and index.  7aRelativity (Physics)960212BUEsh vReading book 2ddccBB c11794d11794 00102ddc40708Alef-BaaaMAINbMAINc1STd2009-06-10epurchaseg150.00l1m4o530.11 EDDp000016789r2025-07-15 00:00:00s2023-01-11w2009-06-10yBB